000 00560nam a2200229Ia 4500
003 OSt
005 20221006151855.0
006 a|||||r|||| 00| 0
007 ta
008 221006b |||||||| |||| 00| 0 eng d
020 _c180.00
024 _a23,766
037 _cTextual
040 _aEASL
_cEASL
_beng
041 _2eng
_aeng
100 _aICSSR
245 0 _aChanging perceptions of international relations
260 _aNew Delhi
_bICSSR
_c1988
300 _a189p.
_ccm.
942 _cTEXL
_2CC
999 _c1091852
_d1091852